| 000 | 00605nam a22002172 4500 | ||
|---|---|---|---|
| 001 | 0000004154 | ||
| 005 | 20151217145756.0 | ||
| 008 | 070521s xx 000 0 eng d | ||
| 020 | _a8173666539 : | ||
| 040 |
_aKABU _cKABU |
||
| 050 | 0 |
_aQA76.76 _b.H94B67 |
|
| 100 | 1 |
_aBornstein, Niel M. _@0000154571 |
|
| 245 | 1 | 0 | _a.NET and XML. |
| 260 |
_aMumbai : _bSPD, _c2004. |
||
| 300 | _axiv, 455 p. | ||
| 650 | 0 |
_aXML (Document markup language) _@0000154490 |
|
| 650 | 0 |
_aMicroscoft NET Framework. _@0000154572 |
|
| 908 | _a070521 | ||
| 950 | _@1 | ||
| 999 |
_c2493 _d2493 |
||